000 00309nam a2200109Ia 4500
008 220624s9999 xx 000 0 und d
020 _a0 624 02268 4
082 _aAF DE KOCK
100 _aDe Kock, Helene
_967844
245 0 _aSOET WYN VIR N SONDAGKIND
942 _cBK
_w561
_xJohn Tresidder
_y
_zCRON CRON
999 _c687350
_d687349